000 00361nam a22001457a 4500
005 20200601102710.0
008 200601b xxu||||| |||| 00| 0 eng d
041 _aeng
082 _a340
100 _aBARE ACT
_95744
245 _aTHE MEDICAL TERMINATION OF PREGNANCY ACT, 1971
260 _aDELHI
_bPROFESSIONAL BOOK PUBLISHERS
300 _a14;p
942 _cBK
999 _c6748
_d6746